1953 1773 1427 1783 2000 1306 1203 1812 1096 1657 1298 1608 1744 1085 1459 1403 1118 1887 1895 1447 1906 1027 1095 1404 1856 1842 1518 1672 1023 1872 1173 1894 1450 1838 1449 1238 1037 1464 1104 1324 1930 1113 1615 1709 1543 1120 1856 1007 1795 1650 1130 1599 1153 1300 1931 1217 1790 1307 1116 1043 1597 1376 1178 1759 1229 1216 1296 1527 1878 1707 1452 1667 1256 1648 1990 1032 1856 1039 1791 1006 1206 1379 1037 1952 1734 1722 1583 1429 1362 1211 1768 1939 1651 1658 1777 1463 1887 1484 1749 BCNSPRNW ULIB Ver.6.0+V

เปลี่ยนเป็นภาษาไทย

Change to English
 แสดงรายละเอียดบรรณานุกรม
  กลับหน้าหลัก

Brief Record : Get Marc (ISO 2709) : E-mail record : QR code < ปิดหน้าต่าง
LEADER : 00000nam 2200000uu 4500
001    13399112061
003     ULIB
008    110304s2005||||th 000 0 eng d
020    08743493
060  4 QV4^bW198M 2005
100 0  Derek G. Waller
245 00 Medical Pharmacology and therapeutics/^cDerek G. Waller
260    Edinburgh:^bElsevier Saunders,^c2005
300    778 p
650  7 Drug therapy
650  7 Phamacology Clinical
650  7 Pharmaceutical Preparations
945    ^p0^l0^i018290
945    ^p0^l0^i018291
995    ทศพร
999 ^a ใช้งานได้ทุกระบบ
รายการนี้ยังไม่มีแท็ก
คุณยังไม่ได้ล็อกอิน คุณสามารถมีกิจกรรมร่วมกับเว็บไซต์ได้ แต่ต้องล็อกอินก่อน ::
  ล็อกอิน

รายการสื่อสารสนเทศ

ลำดับที่ ประเภท เลขเรียก/บาร์โค้ด สถานที่ สถานะ
1. วิทยาศาสตร์การแพทย์ และสุขภาพ
วิทยาศาสตร์การแพทย์ และสุขภาพ
สถานะ=หนังสือเก่า
QV4 W198M 2005 ฉ.1 
  Barcode: 018290
ห้องสมุดวิทยาเขตสวรรค์ประชารักษ์
►ส่วนจัดเก็บหนังสือเก่า สปร
ถูกยืม กำหนดส่งวันที่ 21 กันยายน 2555
  จอง
2. วิทยาศาสตร์การแพทย์ และสุขภาพ
วิทยาศาสตร์การแพทย์ และสุขภาพ
สถานะ=หนังสือเก่า
QV4 W198M 2005 ฉ.2 
  Barcode: 018291
ห้องสมุดวิทยาเขตสวรรค์ประชารักษ์
►ส่วนจัดเก็บหนังสือเก่า สปร
ถูกยืม กำหนดส่งวันที่ 21 กันยายน 2555
  จอง

รายการใกล้เคียง
    หัวเรื่อง [Drug therapy]
    หัวเรื่อง [Pharmaceutical Preparations]

BibComment


ยังไม่เคยถูกคอมเมนท์

คอมเมนท์ทรัพยากรรายการนี้
  คอมเมนท์: Medical Pharmacol..


 Copyright 2026. Bcnsprnw @Library